000 00314nam a2200145Ia 4500
100 _aMenon/M.V.G
942 _cBK
654 _aMaterials
245 _aProperties of Elemental Materials
260 _bTata Mc Graw hill
_aBombay
_c1972
082 _a546
_bMEN
300 _a247
546 _aENGLISH
999 _c31270
_d31270